Father Kino in Arizona /

Bibliographic Details
Main Author: Smith, Fay Jackson
Other Authors: Kessell, John L., Fox, Francis J.
Format: Book
Language:English
Published: Phoenix : Arizona Historical Foundation, 1966.
Subjects:

MARC

Tag First Indicator Second Indicator Subfields
LEADER 00000cam a22000001 4500
001 in00000256721
005 20151010053623.0
008 731212s1966 azuabh 00010beng
010 |a  66025525  
035 |a (OCoLC)00959264 
035 |9 ABC5163AM 
040 |a DLC  |c DLC  |d TXA  |d UtOrBLW 
043 |a n-us-az 
049 |a TXAM  |c [704143] 
050 0 |a F799  |b .K633 
082 0 |a 979.102 
100 1 |a Smith, Fay Jackson. 
245 1 0 |a Father Kino in Arizona /  |c by Fay Jackson Smith, John L. Kessell, and Francis J. Fox. Maps by Don Bufkin. 
264 1 |a Phoenix :  |b Arizona Historical Foundation,  |c 1966. 
300 |a xvii, 142 pages :  |b illustrations, facsimiles, color maps (1 folded) 
336 |a text  |b txt  |2 rdacontent 
337 |a unmediated  |b n  |2 rdamedia 
338 |a volume  |b nc  |2 rdacarrier 
505 0 |a pt. 1. The Relacion diaria of Father Kino, by F. J. Smith.--pt. 2. Peaceful conquest in southern Arizona, by J. L. Kessell.--pt. 3. Bibliography, compiled and edited by F. J. Fox. 
600 1 0 |a Kino, Eusebio Francisco,  |d 1644-1711. 
650 0 |a Missions  |z Arizona. 
610 2 0 |a Jesuits  |z Pimería Alta (Mexico and Ariz.) 
700 1 |a Kessell, John L. 
700 1 |a Fox, Francis J. 
999 |a MARS 
999 f f |s 8705dea6-dc8f-368b-bf47-f84e9bd8951b  |i 95d31414-643b-3eee-b8aa-c65680d652c9  |t 0 
952 f f |p ric  |a Texas A&M University  |b Rellis Campus  |c Joint Library Facility  |d Remote Storage  |t 0  |e F799 .K633  |h Library of Congress classification  |i unmediated -- volume  |m A14802318317 
998 f f |a F799 .K633  |t 0  |l Remote Storage